Folk theatres of North India (Record no. 134654)

MARC details
000 -LEADER
fixed length control field 00805nam a2200253Ia 4500
003 - CONTROL NUMBER IDENTIFIER
control field OSt
005 - DATE AND TIME OF LATEST TRANSACTION
control field 20220918170540.0
008 - FIXED-LENGTH DATA ELEMENTS--GENERAL INFORMATION
fixed length control field 220917b |||||||| |||| 00| 0 eng d
020 ## - INTERNATIONAL STANDARD BOOK NUMBER
International Standard Book Number 9780367479206 (hbk)
037 ## - SOURCE OF ACQUISITION
Terms of availability Textual
040 ## - CATALOGING SOURCE
Original cataloging agency ARTS
Transcribing agency ARTS
Language of cataloging eng
041 ## - LANGUAGE CODE
Source of code eng
Language code of text/sound track or separate title eng
100 ## - MAIN ENTRY--PERSONAL NAME
Personal name Karan Singh Au.
9 (RLIN) 29755
245 #0 - TITLE STATEMENT
Title Folk theatres of North India
Remainder of title contestation, amalgamation and transference
260 ## - PUBLICATION, DISTRIBUTION, ETC.
Place of publication, distribution, etc. London
Name of publisher, distributor, etc. Routledge UK
Date of publication, distribution, etc. 2020
300 ## - PHYSICAL DESCRIPTION
Extent xiii,197p.
Dimensions cm.
650 ## - SUBJECT ADDED ENTRY--TOPICAL TERM
Topical term or geographic name entry element THEATER - INDIA
9 (RLIN) 29756
942 ## - ADDED ENTRY ELEMENTS (KOHA)
Classification part NT445, R0
Koha item type Textual
Source of classification or shelving scheme Colon Classification (CC)
Holdings
Withdrawn status Lost status Damaged status Not for loan Home library Current library Date acquired Source of acquisition Total Checkouts Full call number Barcode Date last seen Date last checked out Price effective from Koha item type
        Arts Library Arts Library 2022-09-18 219, 06/03/2020, Classic Book Service 1 NT445 R0 CL1678446 2025-05-29 2025-05-22 2022-09-18 Textual
Copyright @ Delhi University Library System